Programa de computadora para el diseño y modificación de ventiladores centrífugos
Сохранить в:
| Главный автор: | |
|---|---|
| Формат: | |
| Опубликовано: |
San José, C.R.
1998
|
| Предметы: | |
| Метки: |
Добавить метку
Нет меток, Требуется 1-ая метка записи!
|
MARC
| LEADER | 00000nam a2200000Ia 4500 | ||
|---|---|---|---|
| 003 | 008530 | ||
| 005 | 20221231144222.0 | ||
| 008 | 140114s1998 cr a m 000 ||s d | ||
| 040 | |c cru CEDI | ||
| 090 | |a TFG 3884 | ||
| 100 | |a Salas Moya, Laura E. |9 8968 | ||
| 245 | |a Programa de computadora para el diseño y modificación de ventiladores centrífugos | ||
| 260 | |c 1998 |a San José, C.R. | ||
| 300 | |a 2 volúmenes : ilustraciones | ||
| 500 | |a Tesis (licenciatura en ingeniería mecánica)--Universidad de Costa Rica. Facultad de Ingeniería. Escuela de Ingeniería Mecánica, | ||
| 650 | |x VENTILADORES ELECTRICOS |x PROGRAMAS PARA COMPUTADORA |x DISEÑO |9 8969 | ||
| 942 | |c TFG | ||
| 999 | |c 18610 |d 18610 | ||
